Эффективное проектирование приложений Oracle: пер. с англ.

Opis bibliograficzny
1. autor: Кайт Т. Томас
Streszczenie:Эта книга является наиболее полным руководством по проектированию и созданию высокопроизводительных, масштабируемых приложений Oracle. Гуру Oracle, Томас Кайт рассказывает о работающих на опережение, эффективных и использующих все возможности базы данных методах разработки и настройки приложений Oracle, подкрепляя теорию подробными примерами. Вы узнаете, как использовать функциональность встроенных инструментов для достижения наилучших результатов. Это замечательное пособие для разработчиков и администраторов базы данных.
Język:rosyjski
Wydane: СПб., Питер Пресс, 2006
Hasła przedmiotowe:
Format: Książka
KOHA link:https://koha.lib.tpu.ru/cgi-bin/koha/opac-detail.pl?biblionumber=101422

MARC

LEADER 00000nam0a2200000 4500
001 101422
005 20231031112621.0
010 |a 5855822516 
035 |a (RuTPU)RU\TPU\book\109307 
090 |a 101422 
100 |a 20060911d2006 km y0rusy50 ca 
101 1 |a rus  |c eng 
102 |a RU 
105 |a a z 000zy 
200 1 |a Эффективное проектирование приложений Oracle  |e пер. с англ.  |f Т. Кайт 
210 |a СПб.  |c Питер Пресс  |a Москва  |c Лори  |d 2006 
215 |a 637 с.  |c ил. 
330 |a Эта книга является наиболее полным руководством по проектированию и созданию высокопроизводительных, масштабируемых приложений Oracle. Гуру Oracle, Томас Кайт рассказывает о работающих на опережение, эффективных и использующих все возможности базы данных методах разработки и настройки приложений Oracle, подкрепляя теорию подробными примерами. Вы узнаете, как использовать функциональность встроенных инструментов для достижения наилучших результатов. Это замечательное пособие для разработчиков и администраторов базы данных. 
610 1 |a базы данных 
610 1 |a данные 
610 1 |a проектирование 
610 1 |a администрирование 
610 1 |a Oracle 
610 1 |a SQL 
610 1 |a PL/SQL 
675 |a 681.3.016  |v 3 
700 1 |a Кайт  |b Т.  |g Томас 
801 1 |a RU  |b 63413507  |c 20060911  |g PSBO 
801 2 |a RU  |b 63413507  |c 20100531  |g PSBO 
900 |a Теория экономических информационных систем 
942 |c BK 
959 |a 76/20060901  |d 1  |e 422,00  |f НФ:1